| 000 | 00676nam a2200217Ia 4500 | ||
|---|---|---|---|
| 008 | 100315s9999 xx 000 0 und d | ||
| 040 | _cENGLISH | ||
| 082 |
_b4248 _a658.022 |
||
| 100 | _a"Desai, Vasant " | ||
| 245 | _aSmall-Scale Industries & Entrepreneurship | ||
| 250 | _a2nd | ||
| 260 |
_aMumbai _bHimalaya _c1996 |
||
| 300 | _a467p. | ||
| 365 |
_eRupees _d1 _b110.00 |
||
| 366 | _f0 | ||
| 505 | _gTushar Jadhav | ||
| 620 | _a"Rural Industries, Capital Management, Market Mechanism, Entrepreneurship " | ||
| 630 | _aSmall-Scale Industries & Entrepreneurship | ||
| 730 | _aSmall-Scale Industries & Entrepreneurship | ||
| 942 | _cBOOK | ||
| 999 |
_c478983 _d478980 |
||